000 00678nam a2200193 i 4500
001 49953
003 ES-MaACL
005 20250807102714.0
007 t|
008 030728s1983 sp ||||1| spa d
100 1 _aCrespo, José Luis.
_941524
245 1 0 _aAspectos parciales de la obra de Octavio Paz y comentarios sobre el poema Piedra de Sol /
_cJosé Luis Crespo ; con la colaboración de Elvira Levy.
260 _a[Madrid] :
_bAyuso,
_c[1983]
300 _a28 p. :
_bil. ;
_c20 cm.
600 1 4 _aPaz, Octavio,
_d1914-1998-
_xCrítica e interpretación
_989756
700 1 _aLevy, Elvira.
_971998
852 _aES-MaACL
_j2127-F-7
_bR.105527
999 _c49953
_d49953